| 000 | 01175cam a2200325 a 4500 | ||
|---|---|---|---|
| 001 | 33176 | ||
| 003 | BD-RjUL | ||
| 005 | 20211209051948.0 | ||
| 008 | 140430s19611939nyua 001 0 eng d | ||
| 035 | _a(BD-RjUL)33267 | ||
| 040 |
_aDLC _cWSU _dm.c _dOCL _dSER _dBD-RjUL _beng |
||
| 041 | _aeng | ||
| 082 |
_a136.4 _bKAI 1961 |
||
| 082 | _a[159.9224] | ||
| 100 | 1 |
_aKardiner, Abram _d1891-1981 _937182 |
|
| 245 | 1 | 4 |
_aThe individual and his society : _bthe psychodynamics of primitive social organization / _cby Abram Kardiner ; with a foreword and two ethnological reports by Ralph Linton |
| 260 |
_aNew York : _bColumbia University Press, _c1939 [Printing 1961]. |
||
| 300 |
_axxvi, 503 p. ; _c24 cm |
||
| 504 | _aIncludes bibliographical references and index. | ||
| 650 | 0 |
_aEthnopsychology _9100769 |
|
| 650 | 0 |
_aPrimitive societies _934457 |
|
| 650 | 0 |
_aSocial psychology _9100770 |
|
| 650 | 0 |
_aEthnology _zFrench Polynesia _zMarquesas Islands _9100771 |
|
| 650 | 0 |
_aEthnology _zMadagascar _9100772 |
|
| 650 | 0 |
_aTanala (Malagasy people) _9100773 |
|
| 700 | 1 |
_aLinton, Ralph, _d1893-1953. _935251 |
|
| 942 |
_2ddc _cBK |
||
| 999 |
_c33176 _d33176 |
||